| 000 | 01392nam0a22003731 4500 | ||
|---|---|---|---|
| 001 | RU\NLR\A1\23462 | ||
| 005 | 20251203152403.2 | ||
| 035 | _a(NLR Aleph) 009677922 | ||
| 090 |
_a9690689 _c9690689 |
||
| 100 | _a19990927d1792 u y0rusy50 ca | ||
| 101 | 1 |
_arus _clat |
|
| 102 | _aRU | ||
| 200 | 1 |
_aЛуция Аннея Флора четыре книги Римской истории от времен царя Ромула до цесаря Августа _fС латинскаго на российской язык перевел регистратор Лев Прохоров |
|
| 210 |
_aМ. _cТип. Исаака Н. Зедербана _d1792 |
||
| 215 |
_a[2], 1-154, 138 [=155] с. _d8° |
||
| 321 | 1 | _aСК XVIII 7805 | |
| 620 | _dМосква | ||
| 700 | 1 |
_6z01700 _aФлор _bЛ. А. _f2 в. _gЛюций Анней _4070 |
|
| 700 | 1 |
_6z01700 _aFlorus _bL. A. _gLucius Annaeus _7ba |
|
| 702 | 1 |
_aПрохоров _bЛ. _gЛев _4730 |
|
| 702 | 1 |
_aЗедербан _bИ. С. _gИсаак Николаевич _4610 |
|
| 712 | 0 | 0 |
_aЗедербан _gИ.Н. _hТипография _cМосква _4610 |
| 801 | 0 |
_aRU _bNLR _c19990927 |
|
| 852 |
_aNLR _j18.31.6.20 |
||
| 852 |
_aNLR _j138/2551 |
||
| 852 |
_aNLR _jМф К1/16535 |
||
| 899 | _aРГБ | ||
| 899 | _aБАН | ||
| 899 | _aМГУ | ||
| 899 | _aГПИБ | ||
| 942 | _cBOOK | ||
| 980 | _aNB | ||
| 980 | _aA1XVIIIv | ||